| 000 | 00841nam a2200205 i 4500 | ||
|---|---|---|---|
| 001 | 185124 | ||
| 003 | ES-MaACL | ||
| 005 | 20250903084344.0 | ||
| 007 | t| | ||
| 008 | 160323s1915 gw ||||1| eng d | ||
| 110 | 2 |
_aKarl W. Hiersemann (Firma) _9159387 |
|
| 245 | 1 | 0 |
_aKatalog 437 _b: Französische Geschichte mit ihren Hilfswissenschaften politik / nationaloekonomie aus den biblioteken von Louis Passy, Louis Wolowski und Charles Giraud : zu den beigesetzten preisen zu beziehen / _cKarl W. Hiersemann. |
| 260 |
_aLeipzig : _bKarl W. Hiersemann., _c1915. |
||
| 300 |
_a54 p. ; _c21 cm. |
||
| 610 | 2 |
_aKarl W. Hiersemann (Firma)- _vCatálogos. _9158963 |
|
| 650 | 7 |
_aCatálogos de editores- _yS.XX _2 _9169795 |
|
| 650 | 4 |
_aCatálogos de editores- _zAlemania _912066 |
|
| 852 |
_aES-MaACL _j1517-F-1 |
||
| 999 |
_c185124 _d185124 |
||